|
|
|
|
| LEADER |
00000nam0a2200000 4500 |
| 001 |
337974 |
| 005 |
20231102005014.0 |
| 035 |
|
|
|a (RuTPU)RU\TPU\book\364462
|
| 035 |
|
|
|a RU\TPU\book\336259
|
| 090 |
|
|
|a 337974
|
| 100 |
|
|
|a 20171116d1967 km y0rusy50 ca
|
| 101 |
0 |
|
|a rus
|
| 102 |
|
|
|a RU
|
| 105 |
|
|
|a y z 000zy
|
| 200 |
1 |
|
|a Методы расчета токов короткого замыкания в распределительных сетях
|f М. Л. Голубев
|
| 210 |
|
|
|a Москва
|c Энергия
|d 1967
|
| 215 |
|
|
|a 57 с.
|
| 225 |
1 |
|
|a Библиотека электромонтера
|v Вып. 237
|
| 606 |
|
|
|a Токи короткого замыкания в распределительных сетях
|2 stltpush
|3 (RuTPU)RU\TPU\subj\60882
|9 78105
|
| 610 |
1 |
|
|a распределительные сети
|
| 610 |
1 |
|
|a расчетное напряжение
|
| 610 |
1 |
|
|a расчетные условия
|
| 610 |
1 |
|
|a электродвигатели
|
| 610 |
1 |
|
|a самозапуск
|
| 610 |
1 |
|
|a короткое замыкание
|
| 610 |
1 |
|
|a расчет
|
| 675 |
|
|
|a 621.316.1
|v 4
|
| 700 |
|
1 |
|a Голубев
|b М. Л.
|g Михаил Львович
|
| 801 |
|
1 |
|a RU
|b 63413507
|c 20151201
|
| 801 |
|
2 |
|a RU
|b 63413507
|c 20180115
|g RCR
|
| 942 |
|
|
|c BK
|